Представление документа в формате RUSMARC

ПолеНазваниеЗначение
  Тип записи a
  Библиографический уровень a
001 Контрольный номер RU/CBS_UL/BASE/affd38a1b9ba4f57a65814632c7dc985
005 Дата корректировки 20260423100329.7
100 Данные общей обработки __
a Данные общей обработки 20260423 ||| 0rusy0189 ca
101 Язык документа 0_
a Язык текста rus
102 Страна публикации __
a Страна публикации RU
200 Заглавие и сведения об ответственности 1_
a Заглавие Очарованный чудик
e Сведения, относящиеся к заглавию [85 лет Сергею Никоненко]
f Первые сведения об ответственности Д. Горелов
300 Общие примечания __
a Общие примечания 12+
461 Уровень набора _0
1 2000
a Литературная газета
463 Уровень физической единицы _0
1 2000
a № 15 (15-21 апр.)
v С. 11
1 2101
d 2026
1 001RU/CBS_UL/BASE/1c7c8416be204e73aeb92d99be15821e
600 Персоналии _1
a Персоналии (Фамилия) Никоненко
b Персоналии (Имя, инициалы) С.П.
606 Тематические рубрики 0_
a Основная рубрика Никоненко, Сергей Петрович (1941)
610 Ключевые слова 0_
a Ключевые слова советские актёры; советские киноактёры; российские киноактёры; российские актёры; российские актёры театра и кино; народные артисты; кинорежиссёры; русские гидрографы; сценаристы; телеведущие
686 Индексы других классификаций __
a Классификационный индекс 85.374(2)
700 Автор _1
a Фамилия Горелов
b Имя (инициалы) Д.
801 Источник записи _0
a Страна RU
b Организация МБУК ЦБС г. Ульяновска
c Дата составления 20260423
g Правила каталогизации RCR
801 Источник записи _1
a Страна RU
b Организация МБУК ЦБС г. Ульяновска
c Дата составления 20260423
g Правила каталогизации RCR
901 Тип документа __
t Тип документа f
w Контрольный № источника RU/CBS_UL/BASE/1c7c8416be204e73aeb92d99be15821e
909 Создатель записи __
a Создатель записи mbo